00902nam a2200217 i 450000100060000000300090000600500170001500700030003200800410003502000180007608000440009410000390013824501880017726000780036530000300044349000300047365100780050371000400058183000300062185200330065117159ES-MaACL20230906151521.0t|010108s2000 sp ||||1| spa d a84-95394-10-3 a903.5(460.288 Montealegre del Castillo)1 aValenciano Prieto, Mª del Carmen.13aEl Llano de la Consolación (Montealegre del Castillo, Albacete) b: revisión crítica de una necrópolis ibérica del sureste de la Meseta / cMª del Carmen Valenciano Prieto. aAlbacete : bInstituto de Estudios Albacetenses "Don Juan Manuel",c2000. a336 p. : bil. ; c24 cm.1 aSerie I--Estudios ; v121 4aLlano de la Consolación (Albacete)-xRestos arqueológicos ibéricos.2 aInstituto de Estudios Albacetenses.0 aSerie I--Estudios ; v121 aES-MaACLjL-23923 bR.129308